01139nam a2200313Ia 450000500170000000800410001702000300005808200140008810000180010224501620012025000180028230000480030049000170034865000590036565000450042465000430046970000230051270000270053570000280056270000290059070000260061994200120064526400300065733600270068733700330071433800280074704000350077599900150081020220317001413.0161108s1997 ag a g 000 0 spa  a9789507246562q950724656804a538bB67b1 aBorton, Paula10aBaterías e imanescPaula Borton y Vicky Cave ; diseñado por Robert Walster ; ilustrado por Sean Wilkinson ; traducción Carolina Minetti y Lucila Orengo a1a. edición a32 páginasbilustraciones en colorc25 cm aCómo hacer142LEMBaBaterías eléctricas xEnseñanza elemental 142LEMBaMagnetismoxEnseñanza elemental 142LEMB aImanes xEnseñanza elemental 1 aCave, Vicky9723491 aWilkinson, Sean9723501 aWalster, Robert 9723511 aMinetti, Carolina9723521 aOrengo, Lucila972353 2ddccBK aBuenos AiresbLumenc1997 atextobtxt2rdacontent asin mediaciónbn2rdamedia avolumenbnc2rdacarrier aCO-BoRNBPbspaerdacCO-BoRNBP c6875d6875